<?xml version="1.0" encoding="UTF-8"?>
<record
    xmlns:xsi="http://www.w3.org/2001/XMLSchema-instance"
    xsi:schemaLocation="http://www.loc.gov/MARC21/slim http://www.loc.gov/standards/marcxml/schema/MARC21slim.xsd"
    xmlns="http://www.loc.gov/MARC21/slim">

  <leader>01010nab a2200205uuc4500</leader>
  <controlfield tag="001">1313350</controlfield>
  <controlfield tag="005">20240202111030.0</controlfield>
  <controlfield tag="008">130130e19830401                    spa  </controlfield>
  <datafield tag="035" ind1=" " ind2=" ">
    <subfield code="a">1313350</subfield>
  </datafield>
  <datafield tag="040" ind1=" " ind2=" ">
    <subfield code="c">comduadb</subfield>
  </datafield>
  <datafield tag="041" ind1=" " ind2=" ">
    <subfield code="a">spa</subfield>
  </datafield>
  <datafield tag="100" ind1="1" ind2="0">
    <subfield code="a">Marcus, Janet</subfield>
    <subfield code="4">aut</subfield>
    <subfield code="e">aut</subfield>
    <subfield code="9">468628</subfield>
  </datafield>
  <datafield tag="245" ind1="1" ind2="3">
    <subfield code="a">El unico deseo del Alfredo: Aliviar su dolor</subfield>
  </datafield>
  <datafield tag="520" ind1="3" ind2=" ">
    <subfield code="a"> Casi todas las enfermeras est&#xE1;n de acuerdo en que el dolor es una experiencia subjetiva, y sin embargo, &#xBF;Cu&#xE1;ntas veces criticamos al enfermo que nos pide un analg&#xE9;sico de los que nosotras consideramos necesarios? EL caso de Alfredo es un ejemplo inmejorable del dicho "La &#xFA;nica autoridad sobre el dolor del paciente es el propio paciente"</subfield>
  </datafield>
  <datafield tag="650" ind1=" " ind2="7">
    <subfield code="a">Dolor-Aspectos psicol&#xF3;gicos</subfield>
    <subfield code="2">lemb</subfield>
    <subfield code="9">166042</subfield>
  </datafield>
  <datafield tag="650" ind1=" " ind2="4">
    <subfield code="a">Relatos personales</subfield>
    <subfield code="9">25377</subfield>
  </datafield>
  <datafield tag="650" ind1=" " ind2="7">
    <subfield code="a">Atenci&#xF3;n de enfermer&#xED;a</subfield>
    <subfield code="2">dcs</subfield>
    <subfield code="9">13254</subfield>
  </datafield>
  <datafield tag="773" ind1="0" ind2=" ">
    <subfield code="t">Nursing : Edici&#xF3;n Espa&#xF1;ola (Barcelona)</subfield>
    <subfield code="g">Volumen 02, N&#xFA;mero 03, Abril 1983, p. 36-38</subfield>
    <subfield code="w">322381</subfield>
    <subfield code="x">0212-5382</subfield>
    <subfield code="0">103798</subfield>
  </datafield>
  <datafield tag="942" ind1=" " ind2=" ">
    <subfield code="c">ARIMP</subfield>
  </datafield>
  <datafield tag="999" ind1=" " ind2=" ">
    <subfield code="c">641020</subfield>
    <subfield code="d">641020</subfield>
  </datafield>
</record>
